000 00292nam a22001337a 4500
008 180227b xxu||||| |||| 00| 0 eng d
020 _a037038010954
041 _aeng
080 _a574
100 _a9
101 _amje
245 _agardening vegetables herbs
_cdick.r
942 _2udc
_cBK
999 _c43539
_d43539